000 00933cam a2200277 a 4500
008
020 _a9781292085999 (pbk.)
049 _aMAIN
090 _aQ175
_bBAR
100 1 _aBarnard, Chris
245 1 0 _aAsking questions in biology :
_ba guide to hypothesis testing, experimental design and presentation in practical work and research projects /
_cChris Barnard, Francis Gilbert, and Peter McGregor
250 _a5th. ed.
260 _aHarlow, England :
_bPearson,
_c2017.
300 _ax, 248 pages :
_bill. ;
_c24 cm.
504 _aIncludes bibliographical references.
500 _aIncludes index.
650 0 _aScience
_xMethodology
650 0 _aBiology
_xMethodology
700 1 _aGilbert, Francis S.
700 1 _aMcGregor, Peter K.
907 _a.b10386427
_b23-10-17
_c19-10-17
003
005 20230123122317.0
040 _cNUST
942 _cBOOKS
_kQ175
_mBAR
999 _c131456
_d131456